00816nam a22002297a 450000500170000000800410001702000200005804000140007804100060009208200120009810000220011010000200013224501350015226000480028730000350033549000210037050500890039165500220048065500180050270000330052070000330055320241024143038.0241024b sa ||||| |||| 00| 1 AFR d a0868794554qpbk aRDAc2000 2A aAF BOWM a Bowman, Jeanne  aCasselman, Lucy aAs die kaktus blom ; Songoud en koraal /cJeanne Bowman; Lucy Casselman ; in Afrikaans vertaal deur Tienie Botes & Valerie Francis aSelby :bOlympos Uitgewersmaatskappy,c1983 a310 pagesbDubbelromanc18 cm. aMadeliefie Roman tInhoud: As die kaktus blom deur Jeanne Bowman; Songoud en koraal deur Lucy Casselman 0aAfrikaans Fiction 0aLight Romance a Botes, Tienie eTranslator aFrancis, ValerieeTranslator